000 01933cam a22003377i 4500
001 18022047
003 OSt
005 20250417104348.0
008 140128s2017 inua 001 0 eng d
010 _a 2014931954
_z 2016952673
020 _a9781118705599 (pbk)
035 _a(OCoLC)ocn961934999
040 _aCCE
_beng
_cKCST
_erda
042 _alccopycat
050 0 0 _aQA76.774.A53
_bD56 2017
082 _a004
_bDi Be
100 1 _aDiMarzio, J. F.,
_eauthor.
_95682
245 1 0 _aBeginning Android programming with Android Studio /
_cJ.F. DiMarzio.
246 3 0 _aAndroid programming with Android Studio
250 _aFourth edition.
260 _aIndianapolis, IN :
_bWrox, a Wiley brand,
_c[2017]
300 _axxii, 434 pages :
_billustrations ;
_c24 cm
500 _aIncludes index.
505 0 _aIntroduction -- Getting started with Android programming -- Using Android Studio for Android development -- Activities, fragments, and intents -- Getting to know the Android user interface -- Designing your user interface with Views -- Displaying pictures and menus with Views -- Data persistence -- Content providers -- Messaging -- Location-based services -- Networking -- Developing Android services -- Answers to exercises.
520 _a"As the fastest-growing mobile platform today, the Android OS is a powerful and flexible platform for mobile devices and the new Android 5 release boasts significant new features and enhancements for both smartphone and tablet applications. This full-color resource takes a hands-on approach to teaching you how to create Android applications for the latest OS and the newest devices, including both smartphones and tablets." --
_cPublisher annotation.
630 0 0 _aAndroid (Electronic resource)
_91469
650 0 _aApplication software
_xDevelopment.
_9161
650 0 _aSmartphones
_xProgramming.
_91471
650 0 _aTablet computers
_xProgramming.
_95337
942 _2ddc
_cBK
999 _c808
_d808